| 000 | 02320nam a2200433 a 4500 | ||
|---|---|---|---|
| 999 |
_c105833 _d105833 |
||
| 003 | BLK | ||
| 005 | 20250225142202.0 | ||
| 008 | 180409b bul|||||r ||||||| ||bul|| | ||
| 010 | _aKNG00111071000 | ||
| 020 | _a954-621-213-Х | ||
| 020 | _a954-528-405-6 | ||
| 040 | _aBLK | ||
| 041 |
_aBUL _cBUL |
||
| 080 |
_aИстория на България _b94(497.2) _z94(497.2) |
||
| 080 |
_aМеждународни политически отношения. Световна политика. Международна политика. Дипломация _b327 _x(497.2)(091) _z327(497.2)(091) |
||
| 139 |
_aИстория на българите _bИ 95 |
||
| 245 | 1 | 0 |
_aИстория на българите _bВ 8 т. : Т. 1 - _cред. Григор Петров Велев; авт. на том Емил Ангелов Александров. _nТ. 4 _pБългарската дипломация от древността до наши дни |
| 257 | _aBGR | ||
| 260 |
_c2003 - _fСофия : ПК Д. Благоев _9440071 _a120000687582 _bЗнание ЕООД |
||
| 300 | _c29 см | ||
| 380 | _a9 | ||
| 500 | _aИзд. на Научен център за бълг. нац. стратегия. - Офс. изд. | ||
| 504 | _aслед отд. матер | ||
| 650 | 0 |
_aБългария - история _9244493 |
|
| 650 | 4 |
_aДипломация - България - история _9246750 |
|
| 653 | _aистория | ||
| 653 | _aдипломация | ||
| 653 | _aБългария | ||
| 700 |
_aВелев, Григор Петров _d1935-2020 _9375865 |
||
| 700 | 1 |
_aАлександров, Емил Ангелов _eавт. на том _9375261 |
|
| 760 | 1 |
_dЗнание, Труд, 2003 _h696 с. : с ил. _n300 тир. - Съдържа и за авт. ; Международни договори ; Видни български дипломати. - Библиогр. след отд. материали. - Геогр. показалец, Именен показалец. _tТ. 4 Българската дипломация от древността до наши дни |
|
| 852 | _aЦб ІІ 11973 | ||
| 856 | 4 | _qpdf | |
| 856 | 4 | _qpdf | |
| 942 |
_cKNG _n0 _s1 |
||
| 944 |
_aCR _c16.02.2004 _k30529 _lДиана Гривева |
||
| 944 |
_aED _c09.10.2007 |
||
| 999 | _d105833 | ||